UBT Library

Lovell and Winter's pediatric orthopaedics. (Record no. 47182)

000 -LEADER
fixed length control field 00685cam a2200265 a 4500
001 - CONTROL NUMBER
control field 4816969
005 - DATE AND TIME OF LATEST TRANSACTION
control field 20180815051203.0
008 - FIXED-LENGTH DATA ELEMENTS--GENERAL INFORMATION
fixed length control field 890811s1990 paua b 001 0 eng c
010 ## - LIBRARY OF CONGRESS CONTROL NUMBER
LC control number 89013092
020 ## - INTERNATIONAL STANDARD BOOK NUMBER
International Standard Book Number 0397509146 (set)
020 ## - INTERNATIONAL STANDARD BOOK NUMBER
International Standard Book Number 039750912X (v. 1)
020 ## - INTERNATIONAL STANDARD BOOK NUMBER
International Standard Book Number 0397509138 (v. 2)
020 ## - INTERNATIONAL STANDARD BOOK NUMBER
Cancelled/invalid ISBN 039750912X (cover)
040 ## - CATALOGING SOURCE
Original cataloging agency DGPO/DLC
Transcribing agency DLC
Modifying agency DLC
041 ## - LANGUAGE CODE
Language code of text/sound track or separate title eng
060 ## - NATIONAL LIBRARY OF MEDICINE CALL NUMBER
Classification number WS 270 P371
080 ## - UNIVERSAL DECIMAL CLASSIFICATION NUMBER
Universal Decimal Classification number 617.3
082 00 - DEWEY DECIMAL CLASSIFICATION NUMBER
Classification number 617.3
Edition number 20
100 ## - Rafti
Rafti 8
101 ## - Shkurtesa
Shkurtesa PED
245 10 - TITLE STATEMENT
Title Lovell and Winter's pediatric orthopaedics.
504 ## - BIBLIOGRAPHY, ETC. NOTE
Bibliography, etc Includes bibliographical references.
906 ## - LOCAL DATA ELEMENT F, LDF (RLIN)
a 7
b cbc
c orignew
d 1
e ocip
f 19
g y-gencatlg
942 ## - ADDED ENTRY ELEMENTS (KOHA)
Source of classification or shelving scheme
Item type Books
Holdings
Withdrawn status Lost status Source of classification or shelving scheme Damaged status Not for loan Collection code Permanent location Current location Shelving location Date acquired Total Checkouts Full call number Barcode Date last seen Price effective from Koha item type
          Koleksioni i përgjithshem UBT - Lipjan UBT - Lipjan Koleksioni i përgjithshem 08/15/2018   617.3 MOR 002-3011367 08/15/2018 08/15/2018 Books
UBT Library © 2015-2024. All rights reserved University Education for Business and Technology